Statistics for Countries that Visit Turkey the Most

Click here to take the quiz!

General Stats

  • This quiz has been taken 629 times
  • The average score is 8 of 10

Answer Stats

RankCountry# of visitors% Correct
1Germany3,890,074
95%
3United Kingdom1,711,481
95%
8Russia866,256
94%
10France555,151
91%
5Iran1,665,160
78%
4Bulgaria1,690,766
74%
6Ukraine1,045,043
68%
9Azerbaijan606,223
67%
7Netherlands906,336
61%
2Georgia2,206,266
59%

Score Distribution

Percentile by Number Answered

Percent of People with Each Score

Your Score History

You have not taken this quiz